Epidemic may have peaked (Record no. 66690)
[ view plain ]
| 000 -LEADER | |
|---|---|
| fixed length control field | 00867cam a2200205 4500 |
| 001 - CONTROL NUMBER | |
| control field | WB3714-52 |
| 008 - FIXED-LENGTH DATA ELEMENTS--GENERAL INFORMATION | |
| fixed length control field | 000000n2001 000 0 eng u |
| 035 ## - SYSTEM CONTROL NUMBER | |
| System control number | (Sirsi) u111903 |
| 245 ## - TITLE STATEMENT | |
| Title | Epidemic may have peaked |
| 260 ## - PUBLICATION, DISTRIBUTION, ETC. | |
| Date of publication, distribution, etc. | 2001 |
| 490 ## - SERIES STATEMENT | |
| Series statement | Financial Times |
| Volume/sequential designation | 5 April 2001, 1&4 |
| 490 ## - SERIES STATEMENT | |
| Series statement | Daily Telegraph |
| Volume/sequential designation | 5 April 2001, 8(4) |
| 520 ## - SUMMARY, ETC. | |
| Summary, etc. | According to the Government's Chief Scientific Adviser Professor David King the foot-and-mouth epidemic may have peaked with the firebreak cull policy of slaughtering all animals on infected farms within 24 hours of detecting the disease and all those on neighbouring farms within 48 hours helping to bring the disease under control. Map. |
| 590 ## - LOCAL NOTE (RLIN) | |
| Local note | WB |
| 650 ## - SUBJECT ADDED ENTRY--TOPICAL TERM | |
| Topical term or geographic name entry element | FOOT-AND-MOUTH DISEASE |
| 650 ## - SUBJECT ADDED ENTRY--TOPICAL TERM | |
| Topical term or geographic name entry element | SLAUGHTERING |
| 650 ## - SUBJECT ADDED ENTRY--TOPICAL TERM | |
| Topical term or geographic name entry element | CULLING POLICY |
| 690 ## - LOCAL SUBJECT ADDED ENTRY--TOPICAL TERM (OCLC, RLIN) | |
| Topical term or geographic name as entry element | RURAL-AGRICULTURE AND FORESTRY |
| 942 ## - ADDED ENTRY ELEMENTS (KOHA) | |
| Suppress in OPAC | 0 |
| Withdrawn status | Lost status | Source of classification or shelving scheme | Damaged status | Not for loan | Home library | Current library | Shelving location | Date acquired | Total Checkouts | Full call number | Barcode | Date last seen | Copy number | Price effective from | Koha item type |
|---|---|---|---|---|---|---|---|---|---|---|---|---|---|---|---|
| Dewey Decimal Classification | London | London | News article | 05/04/2001 | WB3714-52 | 111903-1001 | 06/08/2019 | 1 | 06/08/2019 | News article |